The ghost in the atom : (Record no. 70021)
[ view plain ]
| 000 -LEADER | |
|---|---|
| fixed length control field | 00905nam a2200277 a 4500 |
| 001 - CONTROL NUMBER | |
| control field | 70021 |
| 003 - CONTROL NUMBER IDENTIFIER | |
| rucl marc code | BD-RjUL |
| 005 - DATE AND TIME OF LATEST TRANSACTION | |
| control field | 20211209081945.0 |
| 008 - FIXED-LENGTH DATA ELEMENTS--GENERAL INFORMATION | |
| fixed length control field | 170415s1987 enka b 001 0 eng d |
| 020 ## - INTERNATIONAL STANDARD BOOK NUMBER | |
| International Standard Book Number | 0521307902 |
| International Standard Book Number | 0521313163 (pbk.) |
| 035 ## - SYSTEM CONTROL NUMBER | |
| System control number | (BD-RjUL)70233 |
| 040 ## - CATALOGING SOURCE | |
| Original cataloging agency | DLC |
| Transcribing agency | DLC |
| Modifying agency | BD-RjUL |
| Language of cataloging | eng |
| 041 ## - LANGUAGE CODE | |
| Language code of text/sound track or separate title | eng |
| 082 00 - DEWEY DECIMAL CLASSIFICATION NUMBER | |
| Classification number | 530.12 |
| Edition number | 23 |
| Author mark and year | DAG 1987 |
| 100 1# - MAIN ENTRY--PERSONAL NAME | |
| Personal name | Davies, P. C. W. |
| 9 (RLIN) | 206326 |
| 245 14 - TITLE STATEMENT | |
| Title | The ghost in the atom : |
| Remainder of title | a discussion of the mysteries of quantum physics / |
| Statement of responsibility, etc. | P.C.W. Davies and J.R. Brown. |
| 260 ## - PUBLICATION, DISTRIBUTION, ETC. (IMPRINT) | |
| Place of publication, distribution, etc. | Cambridge; |
| -- | New York : |
| Name of publisher, distributor, etc. | Cambridge University Press, |
| Date of publication, distribution, etc. | c1986[reprinted 1987]. |
| 300 ## - PHYSICAL DESCRIPTION | |
| Pagination | ix, 157 p. : |
| Illustrations | ill. ; |
| Size | 23 cm. |
| 500 ## - GENERAL NOTE | |
| General note | . |
| 504 ## - BIBLIOGRAPHY, ETC. NOTE | |
| Bibliography, etc | Includes bibliography and index |
| 650 #0 - SUBJECT ADDED ENTRY--TOPICAL TERM | |
| Topical term or geographic name as entry element | Quantum theory. |
| 9 (RLIN) | 207387 |
| Topical term or geographic name as entry element | Physicists |
| General subdivision | Interviews. |
| 9 (RLIN) | 207388 |
| 700 1# - ADDED ENTRY--PERSONAL NAME | |
| Personal name | Brown, J. R. |
| Fuller form of name | (Julian Russell), |
| Dates associated with a name | 1957- |
| 942 ## - ADDED ENTRY ELEMENTS (KOHA) | |
| Source of classification or shelving scheme | Dewey Decimal Classification |
| Koha item type | Books |
| Lost status | Source of classification or shelving scheme | Damaged status | Not for loan | Collection code | Permanent Location | Current Location | Shelving location | Date acquired | Source of acquisition | Total Checkouts | Full call number | Date last seen | Copy number | Koha item type |
|---|---|---|---|---|---|---|---|---|---|---|---|---|---|---|
| Dewey Decimal Classification | Not For Loan | Non-fiction | Central Library, University of Rajshahi | Central Library, University of Rajshahi | Reading Room | 29/06/1988 | R.U.L, Rajshahi | 530.12 DAG 1987 | 15/04/2017 | C-1 | Books |